000 00342pab a2200145 454500
008 180718b2003 xxu||||| |||| 00| 0 eng d
100 _aPrasad, T. Srinivas
245 _aRegional rural banks: performance evaluation
260 _c2003
300 _ap.20-23.
362 _aAug
650 _aBanks
773 _aKurukshetra
909 _a57572
999 _c57572
_d57572